The doctrine of penalties and the 'absurd paradox': does it really matter in 2003? (Record no. 73707)

MARC details
000 -LEADER
fixed length control field 00869cam a2200193 4500
001 - CONTROL NUMBER
control field ABS67119
008 - FIXED-LENGTH DATA ELEMENTS--GENERAL INFORMATION
fixed length control field 031029n2003 000 0 eng u
035 ## - SYSTEM CONTROL NUMBER
System control number (Sirsi) u124174
100 ## - MAIN ENTRY--PERSONAL NAME
Personal name Lal, H.
245 #4 - TITLE STATEMENT
Title The doctrine of penalties and the 'absurd paradox': does it really matter in 2003?
260 ## - PUBLICATION, DISTRIBUTION, ETC.
Date of publication, distribution, etc. 2003
490 ## - SERIES STATEMENT
Series statement International Construction Law Review
Volume/sequential designation 20(4) October 2003, 505-516(12)
520 ## - SUMMARY, ETC.
Summary, etc. Looks at the situation where when a sum is payable on the occurence of an event rather than upon breach of contract. It is irrelevant whether the payer can convince a court that penalties apply or whether equity has a role to prevent an 'absurd paradox'. The written contract is the most important item.
590 ## - LOCAL NOTE (RLIN)
Local note ABS
650 ## - SUBJECT ADDED ENTRY--TOPICAL TERM
Topical term or geographic name entry element BREACH OF CONTRACT
650 ## - SUBJECT ADDED ENTRY--TOPICAL TERM
Topical term or geographic name entry element PENALTIES
690 ## - LOCAL SUBJECT ADDED ENTRY--TOPICAL TERM (OCLC, RLIN)
Topical term or geographic name as entry element BUILT ENVIRONMENT-BUILDING CONTRACT FORMS
942 ## - ADDED ENTRY ELEMENTS (KOHA)
Suppress in OPAC 0
Holdings
Withdrawn status Lost status Source of classification or shelving scheme Damaged status Not for loan Home library Current library Shelving location Date acquired Total Checkouts Full call number Barcode Date last seen Copy number Price effective from Koha item type
    Dewey Decimal Classification     London London Journal article 29/10/2003   ABS67119 124174-1001 06/08/2019 1 06/08/2019 Journal article